000 00384cam a22001454a 4500
020 _a0060817089
050 0 0 _aSF429.L3
_b.L3 G76
100 1 _aGrogan, John,
245 1 0 _aMarley & me :
_blife and love with the world's worst dog /
_cJohn Grogan.
250 _a1st ed.
260 _aNew York :
_bMorrow,
_cc2005.
300 _axi, 308 p. :
650 0 _vBiography.
942 _2lcc
_cGEN
999 _c15126
_d15126